00314pab a2200121 454500008004000000100002000040245003700060260000900097300001000106362001200116650004900128773001500177180718b1987 xxu||||| |||| 00| 0 eng d aAnand, Mulk Raj aSome Memories of Dr. Yusuf Dadoo c1987 a11-14 a21 Mar. aDadoo, Yousuf - Criticism and Interpretation aMainstream